Les plus vieux marathons du monde - Statistiques

Statistiques générales
  • Ce quiz a été pris 28 fois
  • Le résultat moyen est 40 sur 89
Statistiques - réponses
Année de création Mois Pays Initiale Ville % Correct
1974 Septembre Allemagne B Berlin
96%
1897 Avril Etats-Unis B Boston
88%
1976 Avril France P Paris
88%
1975 Octobre Pays-Bas A Amsterdam
85%
1970 Novembre Etats-Unis N New York
85%
1982 Janvier Japon O Osaka
85%
1983 Novembre Grèce A Athènes
81%
1981 Avril Royaume-Uni L Londres
81%
1978 Mars Espagne B Barcelone
77%
1982 Mars Italie R Rome
77%
1979 Juin Suède S Stockholm
77%
1984 Octobre Belgique B Bruxelles
73%
1978 Avril Espagne M Madrid
73%
1981 Septembre Norvège O Oslo
73%
1981 Octobre Chine P Pékin
73%
1979 Septembre Pologne V Varsovie
73%
1984 Octobre Hongrie B Budapest
69%
1980 Mai Danemark C Copenhague
69%
1980 Octobre Irlande D Dublin
69%
1981 Août Finlande H Helsinki
69%
1979 Septembre Canada M Montréal
69%
1980 Juillet Brésil R Rio de Janeiro
69%
1981 Avril Pays-Bas R Rotterdam
69%
1993 Mars Corée-du-Sud S Séoul
69%
1981 Novembre Espagne V Valence
69%
1984 Octobre Argentine B Buenos Aires
65%
1976 Avril Australie C Canberra
65%
1986 Octobre Portugal L Lisbonne
65%
1986 Mars Etats-Unis L Los Angeles
65%
1983 Octobre Allemagne M Munich
65%
1975 Mai Canada O Ottawa
65%
1995 Mai Tchéquie P Prague
65%
1985 Février Espagne S Séville
65%
1986 Octobre Tunisie T Tunis
65%
1984 Avril Autriche V Vienne
65%
1977 Octobre Etats-Unis C Chicago
62%
1984 Novembre Italie F Florence
62%
1986 Avril Allemagne H Hambourg
62%
1981 Avril France N Nantes
62%
1972 Mai Canada V Vancouver
62%
1992 Octobre Croatie Z Zagreb
62%
1980 Avril Belgique A Anvers
58%
1997 Octobre Allemagne C Cologne
58%
1999 Août Canada Q Québec
58%
1981 Octobre Allemagne F Francfort
54%
1987 Janvier Maroc M Marrakech
54%
1972 Janvier Etats-Unis H Houston
50%
1993 Octobre Suisse L Lausanne
50%
1991 Mai Lettonie R Riga
46%
1977 Décembre Etats-Unis S San Francisco
46%
1986 Octobre Italie V Venise
46%
1992 Août Australie B Brisbane
38%
1959 Octobre Pays-Bas E Eindhoven
38%
1984 Mars Japon N Nagoya
38%
1988 Juin France C Caen
35%
1993 Décembre Etats-Unis L Las Vegas
31%
1979 Août Australie A Adélaïde
27%
1998 Octobre Sri Lanka C Colombo
27%
1981 Décembre Chine M Macao
27%
1980 Avril France A Annecy
23%
1994 Janvier Etats-Unis O Orlando
23%
1998 Mai Etats-Unis S San Diego
23%
1997 Février Chine H Hong Kong
19%
1973 Décembre Etats-Unis H Honolulu
19%
1924 Octobre Slovaquie K Kosice
19%
1991 Novembre France L La Rochelle
19%
1987 Août Japon S Sapporo
19%
1999 Octobre Allemagne D Dresde
15%
1991 Avril Allemagne H Hanovre
15%
1999 Avril Japon N Nagano
15%
1978 Novembre Espagne S Saint-Sébastien
12%
1999 Mai Chine T Tianjin
12%
1990 Juin Norvège T Tromso
12%
1995 Décembre Etats-Unis T Tucson
12%
1947 Avril Pays-Bas E Enschede
4%
1979 Juillet Australie G Gold Coast
4%
1993 Septembre Suisse J Jungfrau
4%
1976 Mai Canada L Longueuil
4%
1985 Septembre France P Pauillac
4%
1982 Octobre Royaume-Uni A Abingdon
0%
1966 Avril Pologne D Debno
0%
1991 Mai Pays-Bas L Leyde
0%
1987 Décembre Argentine M Mar del Plata
0%
1998 Mai France M Mont-Saint-Michel
0%
1946 Mars Japon O Otsu
0%
1997 Novembre Pays-Bas T Terschelling
0%
1980 Juin Belgique T Torhout | Thourout
0%
1989 Mars Mexique T Torreon
0%
1999 Mai Belgique V Visé
0%
Aucun quiz correspondant
Distribution des résultats
% des personnes avec chaque résultat
Percentile par nombre de réponses
Votre historique - résultats
Vous n’avez pas pris ce quiz